00461pam a2200157a 44500008004100000041000800041100001700049245004500066250001500111260003700126300001000163440007300173650001700246700002100263700001900284230405s2013 xxu||||| |||| 00| 0 eng d aENG aStarr, Cecie aBiology: The Unity and Diversity of Life a13rd . Ed. aNEW DELHIbANMOL PRAKASHANc2013 a827p. aSource= Bharati Grahak Bhandar, Pune (Best Book Suppliers, Kolhapur) aLIFE SICENCE aEvers, Christine aTaggart, Rapph